Album Covers by Letter - U - Statistics

General Stats
  • This quiz has been taken 89 times
  • The average score is 6 of 16
Answer Stats
Picture Answer % Correct
Under My Skin - Avril Lavigne
66%
Use Your Illusion I - Guns N' Roses
58%
Urban Hymns - The Verve
57%
Utopia - Travis Scott
57%
Ultraviolence - Lana Del Rey
55%
Unknown Pleasures - Joy Division
55%
Un Verano Sin Ti - Bad Bunny
49%
Unorthodox Jukebox - Bruno Mars
42%
Ummagumma - Pink Floyd
37%
The Unforgettable Fire - U2
36%
Uprising - Bob Marley and the Wailers
30%
Undertow - Tool
20%
The Undertones - The Undertones
12%
Ultra - Depeche Mode
11%
Uncle Meat - Frank Zappa
5%
UFO 1 - UFO
2%
No matching quizzes found
Score Distribution
Percent of People with Each Score
Percentile by Number Answered
Your Score History
You have not taken this quiz